000
00210 a2200097 4500
001
30376
100
_a
GHA, G Dand Kamal
245
_a
Ghalib
260
_a
Karachi
_b
Golden Book Works
_c
090
_c
20328
_d
20328
942
_a
NUST-CAE
_c
M
_c
11479
999
_c
265449
_d
265449